| 000 | 01063cab a2200265 4500 | ||
|---|---|---|---|
| 001 | WB3329-31 | ||
| 008 | 090401t1997 xxu||||| |||| 00| 0 eng d | ||
| 035 | _a(Sirsi) u79801 | ||
| 041 | _aeng | ||
| 245 | _aFootpaths | ||
| 260 | _c1997 | ||
| 350 | _a0 | ||
| 490 |
_aEstates Gazette Case Summaries _v[1997] EGCS 114 (19/07/1997) |
||
| 520 | _a"R v SoS Wales, ex parte Emery", CA 9 July 1997. County Council refused request from E to modify map to show a footpath running across pasture belonging to X. E appealed to SoS Wales (W) who received conflicting evidence from ramblers and the pasture`s previous owners. W accepted statement of previous owners. High Court quashed W`s decision. W appealed. Appeal dismissed. | ||
| 650 | _aDEFINITIVE MAP | ||
| 650 | _aMODIFICATION | ||
| 650 | _aPUBLIC FOOTPATH | ||
| 650 | _aR V SOS WALES EX P EMERY | ||
| 650 | _aRIGHT TO ROAM | ||
| 650 | _aRIGHTS OF WAY | ||
| 650 | _aWILDLIFE AND COUNTRYSIDE ACT 1981 | ||
| 690 | _aHIGHWAYS RIGHTS OF WAY AND EASEMENTS-CASE LAW | ||
| 942 | _n0 | ||
| 948 | _c22/07/1997 | ||
| 999 |
_c50204 _d50204 |
||